000 01524cam a2200361 a 4500
001 EDZ0000019167
003 StDuBDS
005 20161031105216.0
006 m||||||||d||||||||
007 cr |||||||||||
008 101217s2008 caua fo| 001|0|eng d
020 _a9781849200394 (ebook) :
_cNo price
040 _aStDuBDS
_beng
_cStDuBDS
_epn
049 _aAlfaisal Main Library
050 0 _aHD31
_b.S227 2008
082 0 4 _a658
_223
245 0 4 _aThe SAGE handbook of new approaches in management and organization
_h[electronic resource] /
_cedited by Daved Barry and Hans Hansen.
246 3 0 _aNew approaches in management and organization
260 _aLos Angeles, [Calif.] ;
_aLondon :
_bSAGE,
_c2008.
300 _a1 online resource (xx, 609 p.) :
_bill.
520 8 _aIn one edited volume, Barry and Hansen have commissioned new chapters that will allow readers to stay one step ahead of the latest thinking. Contributors draw on research and practice and introduce ideas that are considered fringe and controversial.
521 _aSpecialized.
588 _aDescription based on print version record.
504 _aIncludes bibliographical references and index.
650 0 _aManagement.
655 7 _aElectronic books.
_2local
700 1 _aBarry, Daved.
700 1 _aHansen, Hans,
_cPh. D.
710 2 _aSage eBooks
776 0 8 _iPrint version :
_z9781412912181
856 4 0 _uhttp://ezproxy.alfaisal.edu/login?url=http://sk.sagepub.com/reference/hdbk_newmanagementorg
942 _2lcc
_cEBOOKS
999 _c481730
_d481730